|
|
|
|
| LEADER |
00000nam a2200000 4500 |
| 005 |
20250106114825.0 |
| 008 |
250106b |||qn||| |||| 00| 0 eng d |
| 040 |
|
|
|c Arcigay Genova
|
| 100 |
|
|
|a Chiaraingrafica
|
| 245 |
|
|
|a Fantasy Etico
|
| 260 |
|
|
|a Genova
|
| 300 |
|
|
|a 24 p. :
|b ill. ;
|c 20 x 20 cm
|
| 700 |
|
|
|a Cocco, Chiara
|
| 942 |
|
|
|2 ddc
|c CR
|
| 952 |
|
|
|0 0
|1 0
|2 ddc
|4 0
|7 1
|9 2779
|a GE
|b GE
|d 2025-01-06
|l 0
|p 1385
|r 2025-01-06 11:35:01
|t Numero 1 - Estate 2023
|w 2025-01-06
|y CR
|z Donazione di Chiara Cocco
|
| 952 |
|
|
|0 0
|1 0
|2 ddc
|4 0
|7 1
|9 2780
|a GE
|b GE
|d 2025-01-06
|l 0
|p 1386
|r 2025-01-06 11:37:49
|t Numero 3 - Inverno 2024
|w 2025-01-06
|y CR
|z Donazione di Chiara Cocco
|
| 952 |
|
|
|0 0
|1 0
|2 ddc
|4 0
|7 1
|9 2781
|a GE
|b GE
|d 2025-01-06
|l 0
|p 1387
|r 2025-01-06 11:38:17
|t Numero 4 - Primavera 2024
|w 2025-01-06
|y CR
|z Donazione di Chiara Cocco
|
| 999 |
|
|
|c 2397
|d 2397
|